000 00798cam a2200265 a 4500
999 _c4228
_d4228
001 117442
003 GBCCL
005 20241126110514.0
008 781002s1973 tnua 000 0 eng d
035 _a(OCoLC)ocm04266686
040 _aTSW
_cTSW
_dLGV
_dLBB
049 _aLBBK
082 0 4 _a227.7
_bSON
090 _aBS2715.5
_b.S654 1973
100 1 _aSonger, Harold S.
_98019
245 1 0 _aColossians : Christ above all /
_cHarold S. Songer.
260 _aNashville, TN :
_bConvention Press,
_cc1973.
300 _a143 p. :ill. ;
_c21 cm.
490 0 _aSunday School extension activities
630 0 0 _aBible.
_pN.T.
_pColossians
_xStudy and teaching.
_98020
700 1 _aJones, J. Estill.
_98021
700 1 _aColeman, Lucien E.
_98022
700 1 _aMurray, Ralph L.
_98023
942 _2ddc
_cBK
_06